[Event "1. Lovsprings EMT Basis 1"]
[Site "Ringsted"]
[Date "1989.04.07"]
[Round "1"]
[White "Hojlund, Ib"]
[Black "Madsen, Morten"]
[Result "1/2-1/2"]
[WhiteElo "1669"]
[BlackElo "1727"]
[PlyCount "85"]
[EventDate "1989.??.??"]

1. e4 d6 2. d4 g6 3. b3 Bg7 4. Bb2 Nf6 5. Bd3 O-O 6. Ne2 b6 7. O-O Bb7 8. Nd2
Nbd7 9. c4 c5 10. d5 Ne8 11. Bxg7 Nxg7 12. Nf3 Bc8 13. Ng5 Ne5 14. Bc2 h6 15.
Nf3 Nxf3+ 16. gxf3 Bh3 17. Re1 e5 18. Kh1 Qh4 19. Ng3 f5 20. exf5 Bxf5 21. Nxf5
Nxf5 22. Rg1 Kh7 23. Qd2 Rf6 24. Rg4 Qh5 25. Rag1 Rg8 26. Be4 Rgf8 27. Qc2 Rg8
28. f4 exf4 29. Rxf4 Nd4 30. Rxf6 Nxc2 31. Bxc2 Qe2 32. Bb1 Kh8 33. f3 Qe7 34.
Re6 Qf7 35. Be4 Re8 36. Rexg6 Qf8 37. R1g4 Re5 38. Rh4 h5 39. Rh3 Qf4 40. Rhg3
Rxe4 41. fxe4 Qf1+ 42. Rg1 Qf3+ 43. R1g2 1/2-1/2

[Event "1. Lovsprings EMT Basis 1"]
[Site "Ringsted"]
[Date "1989.04.28"]
[Round "3"]
[White "Hede, Kim"]
[Black "Aaen, Leif"]
[Result "0-1"]
[WhiteElo "1714"]
[BlackElo "1643"]
[PlyCount "95"]
[EventDate "1989.??.??"]

1. d4 b6 2. e4 e6 3. Nf3 Bb7 4. Bd3 Nf6 5. Nc3 Bb4 6. Qe2 h6 7. a3 Bxc3+ 8.
bxc3 d5 9. e5 Nfd7 10. g4 Qc8 11. g5 Ba6 12. g6 f5 13. exf6 Nxf6 14. Bxa6 Nxa6
15. Ne5 Nb8 16. Bf4 O-O 17. Qe3 c5 18. Nf3 cxd4 19. Nxd4 Ne4 20. Ne2 Nd7 21. f3
Nxc3 22. Qxe6+ Kh8 23. Bxh6 Qe8 24. Bxg7+ Kxg7 25. Nd4 Rf6 26. Qxe8 Rxe8+ 27.
Kd2 Na4 28. Rae1 Ne5 29. Kc1 Nc5 30. h4 Ned3+ 31. cxd3 Nxd3+ 32. Kd2 Nxe1 33.
Rxe1 Rxe1 34. Kxe1 Kxg6 35. Kf2 Rf4 36. Ke3 Rxh4 37. Nb5 Ra4 38. Kd3 a6 39. Nc7
Rxa3+ 40. Kd4 Ra5 41. Na8 Rb5 42. Nc7 Ra5 43. Na8 Rb5 44. Nc7 Rb4+ 45. Kxd5 a5
46. Ke5 a4 47. f4 a3 48. Ne6 0-1

[Event "1. Lovsprings EMT Basis 1"]
[Site "Ringsted"]
[Date "1989.04.28"]
[Round "3"]
[White "Madsen, Morten"]
[Black "Bruun, Esben"]
[Result "0-1"]
[WhiteElo "1727"]
[BlackElo "1659"]
[PlyCount "116"]
[EventDate "1989.??.??"]

1. e4 e5 2. d4 exd4 3. c3 d5 4. Qxd4 dxe4 5. Qxe4+ Qe7 6. Bd3 Nf6 7. Qxe7+ Bxe7
8. Bf4 c5 9. Nf3 O-O 10. O-O Nc6 11. Re1 Bg4 12. Nbd2 a6 13. h3 Bh5 14. Bc2 Nd5
15. Bg3 Bf6 16. Be4 Rad8 17. Bxd5 Rxd5 18. Ne4 Be7 19. c4 Rd7 20. Ne5 Nxe5 21.
Bxe5 Rfd8 22. Bc3 Rd1 23. Ba5 Rxa1 24. Rxa1 Rc8 25. Re1 Bg6 26. f3 Kf8 27. Re3
f5 28. Nc3 Bf6 29. Kh2 Bf7 30. Na4 Bd4 31. Re1 Re8 32. Rxe8+ Kxe8 33. b3 Kd7
34. Bd2 Kc6 35. Kg3 b5 36. cxb5+ axb5 37. Nc3 b4 38. Ne2 Be5+ 39. f4 Bf6 40.
Kf3 Bd5+ 41. Kf2 Kb5 42. g4 Be4 43. g5 Bb2 44. Bc1 Bxc1 45. Nxc1 Bb1 46. Ke3
Kc6 47. h4 g6 48. Kd2 Kd5 49. Ke3 c4 50. bxc4+ Kxc4 51. Kd2 Kd4 52. Ne2+ Ke4
53. a3 bxa3 54. Nc3+ Kxf4 55. Nxb1 a2 56. Nc3 a1=Q 57. Nd5+ Ke4 58. Nf6+ Kd4
0-1

[Event "1. Lovsprings EMT Basis 1"]
[Site "Ringsted"]
[Date "1989.05.26"]
[Round "5"]
[White "Larsen, Bjorn"]
[Black "Aaen, Leif"]
[Result "1/2-1/2"]
[WhiteElo "1832"]
[BlackElo "1643"]
[PlyCount "128"]
[EventDate "1989.??.??"]

1. d4 b6 2. e4 e6 3. Bd3 Bb7 4. Nf3 Be7 5. O-O d6 6. c4 c6 7. Nc3 Nf6 8. Qc2
Qc7 9. Bg5 h6 10. Bh4 g5 11. Bg3 Nh5 12. d5 e5 13. Qe2 Nf4 14. Bxf4 gxf4 15.
dxc6 Bxc6 16. Nd5 Qd8 17. Nd2 Nd7 18. Nb1 Nc5 19. Nbc3 Ne6 20. Qg4 Bd7 21. Qh5
Nd4 22. Ne2 Ne6 23. Kh1 Ng7 24. Qf3 h5 25. Bc2 Bg4 26. Ba4+ Kf8 27. Qd3 Ne6 28.
f3 Nc5 29. Qc2 Bd7 30. Bxd7 Qxd7 31. Rfd1 Bh4 32. Nec3 Ne6 33. Qd3 Nd4 34. Nxf4
Bf2 35. Nfe2 Nxe2 36. Nxe2 Bc5 37. a3 a5 38. Ng3 Ke7 39. Nf5+ Ke6 40. Qd5+ Kf6
41. Nxd6 Rad8 42. Nb7 Qxd5 43. cxd5 Rb8 44. Nxc5 bxc5 45. Rd2 Ke7 46. d6+ Ke6
47. d7 Rhd8 48. Rad1 a4 49. Kg1 c4 50. Rc1 Rxd7 51. Rxd7 Kxd7 52. Rxc4 Rxb2 53.
Rxa4 h4 54. Ra7+ Kc6 55. Rxf7 Rb1+ 56. Kf2 Rb2+ 57. Ke3 Rb3+ 58. Kd2 Rb2+ 59.
Kc3 Rxg2 60. Rh7 Rxh2 61. Kc4 Rf2 62. Rh6+ Kd7 63. Kd5 Rxf3 64. Rxh4 Rxa3
1/2-1/2

[Event "1. Lovsprings EMT Basis 1"]
[Site "Ringsted"]
[Date "1989.05.26"]
[Round "5"]
[White "Hede, Kim"]
[Black "Bruun, Esben"]
[Result "1/2-1/2"]
[WhiteElo "1714"]
[BlackElo "1659"]
[PlyCount "87"]
[EventDate "1989.??.??"]

1. d4 Nf6 2. Nf3 c5 3. dxc5 Nc6 4. e3 e6 5. c4 Bxc5 6. a3 a5 7. Nc3 O-O 8. Be2
b6 9. O-O Bb7 10. Qb3 Ne7 11. Na4 Qc7 12. Nxc5 bxc5 13. Qc3 Ng4 14. g3 Qc6 15.
h3 f5 16. b3 Ng6 17. Bb2 N4e5 18. Kh2 Rf6 19. Ne1 d6 20. f4 Nd7 21. Bf3 Qc7 22.
Qd3 e5 23. Bxb7 Qxb7 24. Nf3 e4 25. Qd2 Re6 26. Ng5 Re7 27. Qxd6 Ra6 28. Qd5+
Qxd5 29. cxd5 Rb6 30. Bc3 Rxb3 31. Bxa5 Rxe3 32. Ne6 Rd3 33. Rfd1 Ngf8 34. Nxf8
Kxf8 35. d6 Re8 36. Kg2 Ra8 37. Rxd3 exd3 38. Bc3 Ra6 39. Kf3 Rxd6 40. Ke3 Nb6
41. a4 Nc4+ 42. Kf2 Ke7 43. a5 Ra6 44. Ra4 1/2-1/2

[Event "1. Lovsprings EMT Basis 1"]
[Site "Ringsted"]
[Date "1989.06.02"]
[Round "6"]
[White "Bruun, Esben"]
[Black "Larsen, Bjorn"]
[Result "0-1"]
[WhiteElo "1659"]
[BlackElo "1832"]
[PlyCount "70"]
[EventDate "1989.??.??"]

1. d4 Nf6 2. Bg5 e6 3. Nf3 d5 4. c4 Nbd7 5. e3 c6 6. cxd5 cxd5 7. Nc3 Be7 8.
Rc1 O-O 9. Bd3 a6 10. Bb1 b5 11. Qd3 Bb7 12. Bxf6 Nxf6 13. Ng5 h6 14. h4 hxg5
15. hxg5 Ne4 16. f4 Bxg5 17. fxg5 Qxg5 18. Nxe4 dxe4 19. Qe2 Rac8 20. Rd1 g6
21. Rh3 Kg7 22. Qf2 Rh8 23. Qg3 Qxg3+ 24. Rxg3 Rc4 25. Kd2 Rh2 26. Rc1 Rxc1 27.
Kxc1 Rh1+ 28. Kc2 Rg1 29. a3 Bd5 30. b3 Bxb3+ 31. Kxb3 Rxb1+ 32. Kc2 Rg1 33.
Kc3 a5 34. Kb3 Rd1 35. Rh3 Rd3+ 0-1

[Event "1. Lovsprings EMT Basis 1"]
[Site "Ringsted"]
[Date "1989.06.02"]
[Round "6"]
[White "Buhl, Poul"]
[Black "Hede, Kim"]
[Result "1-0"]
[WhiteElo "1779"]
[BlackElo "1714"]
[PlyCount "39"]
[EventDate "1989.??.??"]

1. c4 e5 2. Nc3 Nf6 3. g3 c6 4. Nf3 e4 5. Nd4 d5 6. cxd5 cxd5 7. d3 Bc5 8. Nb3
Bb4 9. d4 O-O 10. Bg2 Bf5 11. O-O Qc8 12. Bg5 Bxc3 13. Rc1 Bxb2 14. Rxc8 Rxc8
15. Qd2 Ba3 16. Bxf6 gxf6 17. Qa5 Bb2 18. Qxd5 Be6 19. Qxe4 Bxb3 20. Qg4+ 1-0

[Event "1. Lovsprings EMT Basis 1"]
[Site "Ringsted"]
[Date "1989.06.02"]
[Round "6"]
[White "Lindskov, Villy"]
[Black "Madsen, Erik"]
[Result "1-0"]
[WhiteElo "1879"]
[BlackElo "1880"]
[PlyCount "118"]
[EventDate "1989.??.??"]

1. e4 d5 2. exd5 Nf6 3. d4 Nxd5 4. c4 Nf6 5. Nc3 g6 6. Nf3 Bg7 7. Be2 O-O 8.
O-O Nbd7 9. h3 c6 10. Be3 Nb6 11. Rc1 Re8 12. Qd2 Nh5 13. g4 Nf6 14. Bh6 Bh8
15. Qf4 Be6 16. b3 Qb8 17. Qe3 Bd7 18. Ne5 Qd8 19. Qf4 Be6 20. Rcd1 Nfd7 21.
Nxd7 Bxd7 22. Qe4 e6 23. Qe3 Qe7 24. Ne4 Qa3 25. Rd2 Qe7 26. Nc5 Bc8 27. Rfd1
Nd7 28. Ne4 e5 29. d5 cxd5 30. cxd5 Qa3 31. d6 b6 32. Bf3 Rb8 33. Nc3 e4 34.
Nb5 Qa5 35. Be2 Re5 36. Nc7 Bb7 37. Bf4 Qc5 38. Bxe5 Qxe3 39. fxe3 Bxe5 40. Kg2
Kg7 41. Rc2 Rd8 42. b4 Nf8 43. Nb5 a6 44. Nc7 b5 45. a4 bxa4 46. Ra2 Kg8 47.
Rxa4 Rxd6 48. Rxd6 Bxd6 49. Nxa6 Ne6 50. b5 Nc5 51. Nxc5 Bxc5 52. Kf2 Kf8 53.
b6 Bxb6 54. Rb4 Bxe3+ 55. Kxe3 Bd5 56. Bc4 Bxc4 57. Rxc4 Kg7 58. Kxe4 Kf6 59.
h4 h6 1-0

[Event "1. Lovsprings EMT Basis 1"]
[Site "Ringsted"]
[Date "1989.06.09"]
[Round "7"]
[White "Hede, Kim"]
[Black "Larsen, Bjorn"]
[Result "1/2-1/2"]
[WhiteElo "1714"]
[BlackElo "1832"]
[PlyCount "34"]
[EventDate "1989.??.??"]

1. d4 d5 2. c4 e6 3. Nc3 Nf6 4. Bg5 Nbd7 5. cxd5 exd5 6. e3 Be7 7. Bd3 O-O 8.
Nge2 Re8 9. O-O Nf8 10. Nf4 c6 11. a3 Ne4 12. Bxe7 Qxe7 13. Qc2 Bf5 14. Nxe4
Bxe4 15. Bxe4 dxe4 16. Rfd1 Red8 17. Rd2 Rd7 1/2-1/2

[Event "1. Lovsprings EMT Basis 1"]
[Site "Ringsted"]
[Date "1989.06.09"]
[Round "7"]
[White "Arnkilde, Anders"]
[Black "Bruun, Esben"]
[Result "1/2-1/2"]
[WhiteElo "1720"]
[BlackElo "1659"]
[PlyCount "83"]
[EventDate "1989.??.??"]

1. Nf3 Nf6 2. g3 d5 3. Bg2 c5 4. c4 d4 5. d3 Nc6 6. O-O Bg4 7. h3 Bxf3 8. exf3
e6 9. Re1 Be7 10. Nd2 Qc7 11. f4 O-O-O 12. a3 h5 13. Nf3 Nh7 14. Ne5 Nxe5 15.
fxe5 Nf8 16. Bd2 Nd7 17. Qf3 Rdf8 18. Qe4 Nb8 19. Ba5 Qc6 20. Qxc6+ Nxc6 21.
Bxc6 bxc6 22. b4 Kd7 23. Rab1 Rb8 24. b5 Bg5 25. f4 Be7 26. h4 Rhc8 27. a4 Bd8
28. Bxd8 Rxd8 29. a5 Rdc8 30. Rec1 Kd8 31. Rc2 Rb7 32. Kf2 Rcb8 33. Rcb2 Ke7
34. Ke2 Rc8 35. bxc6 Rxb2+ 36. Rxb2 Kd8 37. Rb7 Rc7 38. a6 Rxc6 39. Rxa7 Rc7
40. Rxc7 Kxc7 41. f5 Kb6 42. f6 1/2-1/2

[Event "1. Lovsprings EMT Basis 1"]
[Site "Ringsted"]
[Date "1989.06.09"]
[Round "7"]
[White "Larsen, Soren M"]
[Black "Aaen, Leif"]
[Result "1-0"]
[WhiteElo "1700"]
[BlackElo "1643"]
[PlyCount "85"]
[EventDate "1989.??.??"]

1. Nf3 Nf6 2. d4 g6 3. c4 d6 4. h3 Bg7 5. Nc3 O-O 6. e4 c5 7. d5 b5 8. cxb5 a6
9. bxa6 Bxa6 10. Bxa6 Nxa6 11. O-O Qb6 12. Nd2 Nc7 13. Qe2 e6 14. dxe6 fxe6 15.
e5 Nfd5 16. exd6 Nxc3 17. bxc3 Qxd6 18. Ne4 Qc6 19. Rd1 Ra4 20. f3 Nd5 21. Bd2
c4 22. Be1 Nf4 23. Qc2 Nd3 24. Bh4 Ra7 25. Bg3 Qa4 26. Qxa4 Rxa4 27. Bd6 Rfa8
28. Rd2 Bh6 29. Rc2 Be3+ 30. Kf1 R8a6 31. Ke2 Ba7 32. Kd2 Nf2 33. Nxf2 Rxd6+
34. Ke2 Ra3 35. Ne4 Rd3 36. Rd1 Re3+ 37. Kf1 Bb6 38. Rd6 Ba5 39. Rxe6 Kf7 40.
Rc6 Bxc3 41. Nd6+ Ke7 42. Nb5 Kd7 43. Rxc4 1-0

[Event "1. Lovsprings EMT Basis 2"]
[Site "Ringsted"]
[Date "1989.05.19"]
[Round "4"]
[White "Hvitved, Thomas"]
[Black "Christensen, Jorgen"]
[Result "1-0"]
[WhiteElo "1335"]
[BlackElo "1454"]
[PlyCount "77"]
[EventDate "1989.??.??"]

1. d4 Nf6 2. c4 g6 3. Nc3 Bg7 4. e4 d6 5. Be2 O-O 6. g4 c5 7. g5 Nfd7 8. d5
Bxc3+ 9. bxc3 b6 10. Nf3 f6 11. h4 Ne5 12. h5 Bg4 13. Nxe5 Bxe2 14. Qxe2 fxe5
15. hxg6 hxg6 16. Qg4 Kg7 17. Rh6 Rh8 18. Qh4 Qg8 19. Be3 Na6 20. Kd2 Re8 21.
Rh1 Nb8 22. f4 exf4 23. Bxf4 Nd7 24. Qg4 Qf7 25. Qh4 Qg8 26. Qg4 Qf7 27. Rf1 e6
28. Rxh8 Kxh8 29. Rh1+ Kg8 30. dxe6 Qxe6 31. Qh4 Nf8 32. Qh8+ Kf7 33. Rf1 Ke7
34. Qg7+ Kd8 35. Qxa7 Qxe4 36. Qb8+ Ke7 37. Bxd6+ Kd7 38. Rf7+ Ke6 39. Qxe8+
1-0

[Event "1. Lovsprings EMT Basis 2"]
[Site "Ringsted"]
[Date "1989.05.26"]
[Round "5"]
[White "Jensen, Agner"]
[Black "Hvitved, Thomas"]
[Result "0-1"]
[WhiteElo "1555"]
[BlackElo "1335"]
[PlyCount "80"]
[EventDate "1989.??.??"]

1. e4 g6 2. d4 Bg7 3. c3 d6 4. Nf3 Nf6 5. Nbd2 O-O 6. Be2 Nbd7 7. O-O c5 8. b3
a6 9. Bb2 b5 10. Qc2 Nh5 11. d5 Nf4 12. Rae1 Qc7 13. c4 Bxb2 14. Qxb2 b4 15.
Kh1 f6 16. Qa1 Ne5 17. Nxe5 fxe5 18. Qd1 h5 19. Nf3 Bg4 20. Ng5 Bxe2 21. Rxe2
Nxe2 22. Qxe2 Rf6 23. Ne6 Rxe6 24. dxe6 Rf8 25. Qd2 Kg7 26. f4 Qc8 27. f5 Qxe6
28. Rf3 gxf5 29. Qg5+ Qg6 30. Qxe7+ Rf7 31. exf5 Rxe7 32. fxg6 Kxg6 33. h4 Rf7
34. Rxf7 Kxf7 35. Kg1 Ke6 36. Kf2 d5 37. Kf3 d4 38. Ke4 Kf6 39. g3 Kg6 40. Kd3
Kf5 0-1

[Event "1. Lovsprings EMT Basis 2"]
[Site "Ringsted"]
[Date "1989.05.26"]
[Round "5"]
[White "Christensen, Jorgen"]
[Black "Stahl, Ole"]
[Result "0-1"]
[WhiteElo "1454"]
[BlackElo "1282"]
[PlyCount "158"]
[EventDate "1989.??.??"]

1. e4 c6 2. d4 d5 3. Nc3 dxe4 4. Nxe4 Nf6 5. Nc3 Bf5 6. Nf3 Nbd7 7. Bf4 h6 8.
Bc4 e6 9. a3 Be7 10. O-O O-O 11. Qe2 Re8 12. Rad1 Qa5 13. h3 Nd5 14. Bd2 Qc7
15. Bd3 Bd6 16. Bxf5 exf5 17. Nxd5 Rxe2 18. Nxc7 Bxc7 19. Rfe1 Rae8 20. Rxe2
Rxe2 21. Re1 Rxe1+ 22. Bxe1 g5 23. h4 g4 24. Nd2 Bd8 25. g3 h5 26. f4 b5 27.
Nb3 Bb6 28. Ba5 f6 29. Bxb6 axb6 30. Kf2 Kf7 31. Ke3 Ke6 32. Nd2 Kd5 33. b3 c5
34. c4+ bxc4 35. bxc4+ Kd6 36. d5 b5 37. Kd3 bxc4+ 38. Kxc4 Nb6+ 39. Kb5 Nxd5
40. Nc4+ Kc7 41. Kxc5 Nc3 42. Kd4 Ne2+ 43. Ke3 Nxg3 44. Kf2 Ne4+ 45. Kg2 Kc6
46. Ne3 Nd6 47. a4 Kc5 48. a5 Kb5 49. Nd5 Ne8 50. Ne7 Ng7 51. Nd5 Kxa5 52. Nxf6
Kb5 53. Nd5 Kc5 54. Ne3 Kd4 55. Kf2 Ke4 56. Ng2 Ne6 57. Kg3 Nd4 58. Kf2 Kd3 59.
Kg3 Ke2 60. Kh2 Kf2 61. Kh1 Ne2 62. Kh2 g3+ 63. Kh1 Kf3 64. Ne1+ Kxf4 65. Nd3+
Kg4 66. Ne5+ Kxh4 67. Nf3+ Kg4 68. Ne5+ Kf4 69. Ng6+ Ke3 70. Nh4 f4 71. Nf5+
Kf2 72. Nh4 Kf1 73. Ng2 f3 74. Ne3+ Ke1 75. Nc2+ Kf2 76. Ne3 g2+ 77. Nxg2 fxg2+
78. Kh2 g1=Q+ 79. Kh3 Qg3# 0-1

[Event "1. Lovsprings EMT Basis 2"]
[Site "Ringsted"]
[Date "1989.06.02"]
[Round "6"]
[White "Stahl, Ole"]
[Black "Hvitved, Thomas"]
[Result "0-1"]
[WhiteElo "1282"]
[BlackElo "1335"]
[PlyCount "100"]
[EventDate "1989.??.??"]

1. d4 Nf6 2. c4 g6 3. Nc3 d5 4. Bg5 c6 5. e3 Bg7 6. Nf3 Bg4 7. h3 Bxf3 8. Qxf3
e6 9. Bd3 Nbd7 10. cxd5 cxd5 11. Bb5 h6 12. Bxd7+ Kxd7 13. Bf4 Qa5 14. O-O Ke7
15. Qe2 Rhc8 16. a3 Rc4 17. b4 Qa6 18. Qb2 Rac8 19. Rfc1 b5 20. a4 bxa4 21.
Rxa4 Qxa4 22. Nxa4 Rxc1+ 23. Kh2 R8c2 24. Qa3 Kf8 25. e4 Rf1 26. b5+ Kg8 27.
exd5 Nxd5 28. Be3 Nxe3 29. fxe3 Rff2 30. Kg3 Rxg2+ 31. Kf3 f5 32. e4 Rcf2+ 33.
Ke3 f4+ 34. Kd3 Rg3+ 35. Kc4 Rxa3 36. Nc5 e5 37. d5 Rc2+ 38. Kb4 Bf8 39. Kxa3
Bxc5+ 40. Kb3 Rc1 41. Kb2 f3 42. Kxc1 f2 43. Kc2 f1=Q 44. h4 g5 45. hxg5 hxg5
46. Kd2 g4 47. Kc2 g3 48. Kb3 g2 49. Ka4 Qd1+ 50. Ka5 Qa1# 0-1

[Event "1. Lovsprings EMT Basis 2"]
[Site "Ringsted"]
[Date "1989.06.02"]
[Round "6"]
[White "Nielsen, Bjarne"]
[Black "Christensen, Jorgen"]
[Result "1-0"]
[WhiteElo "1462"]
[BlackElo "1454"]
[PlyCount "57"]
[EventDate "1989.??.??"]

1. d4 d5 2. c4 e6 3. Nc3 Nf6 4. cxd5 exd5 5. Bg5 Be7 6. e3 h6 7. Bh4 O-O 8. Bd3
Re8 9. Nge2 Ne4 10. Bxe4 dxe4 11. Bxe7 Qxe7 12. Ng3 f5 13. O-O Nd7 14. Nxf5 Qg5
15. Ng3 Nf6 16. Qc2 Qg4 17. h3 Qg6 18. Nce2 h5 19. Nf4 Qf7 20. Qc5 b6 21. Qg5
g6 22. Ngxh5 Nxh5 23. Nxh5 Rf8 24. Nf4 Kh7 25. Rac1 Ba6 26. Rfe1 Rac8 27. Rc6
Rg8 28. Qh4+ Kg7 29. Ne6+ 1-0

[Event "1. Lovsprings EMT Basis 2"]
[Site "Ringsted"]
[Date "1989.06.09"]
[Round "7"]
[White "Hvitved, Thomas"]
[Black "Schmidt, Bjarne"]
[Result "1/2-1/2"]
[WhiteElo "1335"]
[BlackElo "1573"]
[PlyCount "61"]
[EventDate "1989.??.??"]

1. d4 Nf6 2. c4 e5 3. dxe5 Ng4 4. e4 Nxe5 5. f4 Nec6 6. Be3 Bb4+ 7. Nd2 d6 8.
Ngf3 Qe7 9. Kf2 Bg4 10. Be2 Bxd2 11. Nxd2 Bxe2 12. Qxe2 Nd7 13. a3 Qh4+ 14. g3
Qf6 15. Nf3 O-O 16. b4 Rfe8 17. b5 Na5 18. Bd4 Qe6 19. Nd2 Nf6 20. Rae1 b6 21.
f5 Qe7 22. h4 Nb7 23. h5 h6 24. Rh4 Nc5 25. Bxc5 bxc5 26. Nf3 a6 27. a4 axb5
28. axb5 Ra3 29. e5 dxe5 30. Qb2 Rea8 31. Qxe5 1/2-1/2

[Event "1. Lovsprings EMT Basis 3"]
[Site "Ringsted"]
[Date "1989.05.26"]
[Round "5"]
[White "Hansen, Ole"]
[Black "Petersen, Ove"]
[Result "1-0"]
[WhiteElo "1100"]
[BlackElo "1171"]
[PlyCount "97"]
[EventDate "1989.??.??"]

1. d4 d5 2. c4 Nf6 3. cxd5 Nxd5 4. Nf3 Bf5 5. Qb3 b6 6. Nbd2 Be6 7. e4 Nf4 8.
Nc4 Nh5 9. Qb5+ Qd7 10. Qxh5 Bg4 11. Nce5 Bxh5 12. Nxd7 Bxf3 13. Nxb8 Bxe4 14.
Bb5+ c6 15. Nxc6 a6 16. f3 Bxf3 17. Ne5+ axb5 18. Nxf3 e6 19. O-O b4 20. Ng5
Ra7 21. Bf4 h6 22. Ne4 Rd7 23. Be5 f5 24. Ng3 Bd6 25. Nh5 Bxe5 26. dxe5 Kf7 27.
Rac1 b5 28. Rf2 g6 29. Nf6 Rb7 30. Rf4 Ra8 31. Ra1 b3 32. a3 Ra4 33. Rf3 b4 34.
Rxb3 Rb5 35. Re1 g5 36. Nd7 g4 37. Rc1 Ra7 38. a4 Rxa4 39. Rc7 Ra1+ 40. Kf2 Rh1
41. h3 h5 42. Nf6+ Kg6 43. Re3 b3 44. Kg3 gxh3 45. gxh3 Rb1 46. Re2 Rb4 47. Re7
h4+ 48. Kh2 Rb6 49. Rg2+ 1-0

[Event "1. Lovsprings EMT Basis 3"]
[Site "Ringsted"]
[Date "1989.05.26"]
[Round "5"]
[White "de Silva, Gabriel"]
[Black "Andersen, Niels"]
[Result "0-1"]
[WhiteElo "1157"]
[BlackElo "1067"]
[PlyCount "60"]
[EventDate "1989.??.??"]

1. e4 e5 2. Nf3 Nc6 3. Bc4 Bc5 4. d3 h6 5. Nc3 Nf6 6. Nd5 Ng4 7. Be3 Nxe3 8.
fxe3 d6 9. O-O Be6 10. c3 Bxd5 11. Bxd5 Bxe3+ 12. Kh1 Qd7 13. Qe2 Bb6 14. Nh4
O-O-O 15. Rxf7 Qe8 16. Raf1 Na5 17. Nf5 c6 18. Re7 Qg6 19. Rc7+ Kxc7 20. Nh4
Qg5 21. Nf3 Qe3 22. Qxe3 Bxe3 23. Be6 Rhf8 24. b4 Rf6 25. Bh3 h5 26. bxa5 g6
27. Re1 Bc5 28. d4 exd4 29. cxd4 Bb4 30. Rb1 Bxa5 0-1

[Event "1. Lovsprings EMT Basis 3"]
[Site "Ringsted"]
[Date "1989.06.02"]
[Round "6"]
[White "Nielsen, Carl Otto"]
[Black "Andersen, Niels"]
[Result "0-1"]
[WhiteElo "1204"]
[BlackElo "1067"]
[PlyCount "79"]
[EventDate "1989.??.??"]

1. d4 d5 2. c4 Nf6 3. Nc3 e6 4. Bg5 Be7 5. e3 h6 6. Bxf6 Bxf6 7. Nf3 Nc6 8. Bd3
Nb4 9. Qa4+ Nc6 10. O-O Bd7 11. Qb3 dxc4 12. Qxc4 Na5 13. Qb4 b6 14. Ne2 Be7
15. Qc3 O-O 16. b4 Nb7 17. a3 a5 18. b5 Nd6 19. Rab1 Qc8 20. Rfc1 c6 21. bxc6
Be8 22. Rxb6 Qc7 23. Rb2 Rc8 24. Rbc2 f6 25. Nf4 Bf7 26. Nd2 Rb8 27. Rb2 Rxb2
28. Qxb2 Rb8 29. Qc3 f5 30. f3 Bg5 31. g3 Bxf4 32. gxf4 Be8 33. e4 Rb6 34. Qxa5
Bxc6 35. d5 fxe4 36. fxe4 exd5 37. exd5 Nc8 38. dxc6 Qxf4 39. Qd5+ Qf7 40. Bh7+
0-1

[Event "1. Lovsprings EMT Basis 3"]
[Site "Ringsted"]
[Date "1989.06.02"]
[Round "6"]
[White "Jensen, Jan"]
[Black "Hansen, Ole"]
[Result "1-0"]
[WhiteElo "1117"]
[BlackElo "1100"]
[PlyCount "59"]
[EventDate "1989.??.??"]

1. d4 Nf6 2. c4 g6 3. Nc3 Bg7 4. d5 c6 5. e4 cxd5 6. cxd5 Nxe4 7. Nxe4 Qa5+ 8.
Nd2 Qxd5 9. Ngf3 Qa5 10. Be2 d5 11. O-O Nc6 12. Nb3 Qd8 13. Ng5 O-O 14. Bd3 e5
15. f4 e4 16. Bc2 Bd7 17. Qxd5 Rc8 18. Bxe4 b6 19. f5 Nb4 20. Qd1 b5 21. fxg6
hxg6 22. a3 Nc6 23. Qd5 Na5 24. Nxa5 Qxa5 25. Qxd7 Rce8 26. Bd2 b4 27. Rxf7
Bd4+ 28. Kh1 Rd8 29. Rxf8+ Kxf8 30. Qf7# 1-0

[Event "1. Lovsprings EMT Basis 3"]
[Site "Ringsted"]
[Date "1989.06.09"]
[Round "7"]
[White "Hansen, Ole"]
[Black "Nielsen, Carl Otto"]
[Result "1/2-1/2"]
[WhiteElo "1100"]
[BlackElo "1204"]
[PlyCount "42"]
[EventDate "1989.??.??"]

1. d4 Nf6 2. c4 e6 3. Nc3 Bb4 4. Bd2 O-O 5. Nf3 c5 6. d5 d6 7. g3 Nbd7 8. Bg2
Nb6 9. dxe6 Bxe6 10. b3 Qe7 11. O-O Rad8 12. Ng5 Bf5 13. Nd5 Nbxd5 14. cxd5 Ba3
15. Bc3 h6 16. Nh3 Ne4 17. Qd3 g6 18. f3 Nxg3 19. e4 Bxh3 20. hxg3 Bxg2 21.
Kxg2 f6 1/2-1/2